003 -Nazwa inst., której nr kontr. jest w polu 001 [,]
@
Nazwa instytucji, której n kontrolny jest w polu 001
NUKAT
005 -DATA I CZAS OSTATNIEJ MODYFIKACJI [,]
@
pole kontrolne
20241231092912.0
020 -Międzynarod. znormalizowany nr książki - ISBN [ , ]
a
Numer ISBN
8386212551
040 -Instytucja sporządzająca opis [ , ]
a
Instytucja, która sporządziła opis (NP)
NUKAT
c
Instytucja, która sporządziła rekord (NP)
LUBL U/esz
942 -Rodzaj dokumentu [ , ]
c
Rodzaj dokumentu
Książka
245 -Strefa tytułu i oznaczenia odpowiedzialności [0,0]
a
Tytuł
Przewodnik po biznesie :
b
Ciąg dalszy tytułu (NP)
podstawy działalności gospodarczej, formy prowadzenia działalności gospodarczej, wybór strategii działalności firmy, metody działalności gospodarczej, sprawy personalne, finansowe podstawy podejmowania decyzji, koszty i przychody w ujęciu bilansowym i podatkowym : praca zbiorowa.
260 -Strefa adresu wydawniczego [ , ]
a
Miejsce wydania (P)
Wrszawa ;
a
Miejsce wydania (P)
Jaktorów :
b
Nazwa wydawcy (P)
Ośrodek Doradztwa i Szkolenia "TUR",
c
Data wydania (P)
2002.
300 -Strefa opisu fizycznego [ , ]
a
Określenie formy książki i/lub objętość (NP)
[2], 419 s. ;
c
Format (NP)
24 cm.
336 -Typ zawartości [ , ]
a
Termin opisujący typ zawartości
Tekst
b
Kod określający zawartość
txt
2
Źródło (terminu i kodu)
rdacontent
337 -Typ mediów [ , ]
a
Tryb odtwarzania
Bez urządzenia pośredniczącego
b
Kod typu mediów
n
2
Źródło (terminu i kodu)
rdamedia
338 -Typ/rodzaj nośnika [ , ]
a
Hasło opisujące typ nośnika
Wolumin
b
Kod typu nośnika
nc
2
Źródło (terminu i kodu)
rdacarrier
080 -Uniwersalna Klasyfikacja Dziesiętna [ , ]
a
Symbol klasyfikacji
347.72
9
UKD
3550
2
Identyfikator wydania tablic
UDC-P058
b
Dopowiedzenie
Spółki prawa handlowego.
080 -Uniwersalna Klasyfikacja Dziesiętna [ , ]
a
Symbol klasyfikacji
:658.114.25
650 -Hasło przedmiotowe [ ,7]
a
Hasło przedmiotowe
Biznes
x
Określnik rzeczowy
podejmowanie decyzji
v
Określnik formalny
poradniki.
2
Źródło terminu
kaba
9
KHW
362501
650 -Hasło przedmiotowe [ ,7]
a
Hasło przedmiotowe
Prawo gospodarcze publiczne
z
Określnik geograficzny
Polska
v
Określnik formalny
poradniki.
2
Źródło terminu
kaba
9
KHW
548032
980 -Symbol UKD [ , ]
a
UKD
347.72:658.114.25
710 -Hasło dodatkowe - nazwa ciała zbiorowego [2, ]
a
Nazwa ciała zbiorowego lub nazwa geograficzna jako pierwszy element (NP)